[Event "EYCC Open-U14 2019"]
[Site "Bratislava"]
[Date "2019.08.04"]
[Round "3.47"]
[White "Revaliente Montoya, Ciro"]
[Black "Maldonado Mena, German"]
[Result "1-0"]
[WhiteElo "1917"]
[BlackElo "1822"]
[Annotator "NA"]
[PlyCount "73"]
[EventDate "2019.08.02"]
[EventType "swiss"]
[EventCountry "SVK"]
[SourceTitle "playchess.com"]
[Source "ChessBase"]
[SourceQuality "1"]
[TimeControl "40/5400+30:1800+30"]

1. Nf3 {[%emt 0:00:00]} d5 {[%emt 0:00:01]} 2. e3 {[%emt 0:00:22]} Nf6 {[%emt 0:04:51]} 3. b3 {[%emt 0:03:15]} c5 {[%emt 0:02:54]} 4. Bb2 {[%emt 0:00:26]} Nc6 {[%emt 0:04:33]} 5. Bb5 {[%emt 0:03:02]} Bd7 {[%emt 0:00:46]} 6. O-O {[%emt 0:00:21]} e6 {[%emt 0:04:46]} 7. d4 {[%emt 0:01:24]} cxd4 {[%emt 0:02:05]} 8. exd4 {[%emt 0:00:08]} Bd6 {[%emt 0:02:19]} 9. Nbd2 {[%emt 0:00:24]} O-O {[%emt 0:02:36]} 10. c4 {[%emt 0:04:11]} Ne7 {[%emt 0:01:57]} 11. Bxd7 {[%emt 0:01:17]} Nxd7 {[%emt 0:01:47]} 12. c5 {[%emt 0:03:19]} Bc7 {[%emt 0:02:21]} 13. b4 {[%emt 0:00:09]} b6 {[%emt 0:01:50]} 14. Nb3 {[%emt 0:04:10]} b5 {[%emt 0:03:11]} 15. Qd3 {[%emt 0:02:24]} a6 {[%emt 0:01:36]} 16. a4 {[%emt 0:01:20]} bxa4 {[%emt 0:02:56]} 17. Rxa4 {[%emt 0:00:10]} Nc6 {[%emt 0:00:29]} 18. Bc3 {[%emt 0:02:14]} e5 {[%emt 0:01:12]} 19. dxe5 {[%emt 0:02:38]} Ndxe5 {[%emt 0:00:57]} 20. Nxe5 {[%emt 0:00:32]} Bxe5 {[%emt 0:00:27]} 21. Rfa1 {[%emt 0:02:31]} Qf6 {[%emt 0:03:07]} 22. Bxe5 {[%emt 0:00:59]} Qxe5 {[%emt 0:00:19]} 23. b5 {[%emt 0:00:10]} Ne7 {[%emt 0:17:16]} 24. b6 {[%emt 0:06:25]} Nc6 {[%emt 0:01:08]} 25. Rxa6 {[%emt 0:03:04]} Nb4 {[%emt 0:00:46]} 26. Rxa8 {[%emt 0:00:10]} Nxd3 {[%emt 0:00:11]} 27. b7 {[%emt 0:00:05]} Nb4 {[%emt 0:03:03]} 28. Nd4 {[%emt 0:01:53]} g6 {[%emt 0:29:07]} 29. h3 {[%emt 0:00:28]} Qxd4 {[%emt 0:01:04]} 30. Rxf8+ {[%emt 0:00:07]} Kxf8 {[%emt 0:00:44]} 31. b8=Q+ {[%emt 0:00:11]} Kg7 {[%emt 0:00:09]} 32. Qa7 {[%emt 0:02:53]} Nc6 {[%emt 0:00:21]} 33. Qa3 {[%emt 0:00:07]} Nb4 {[%emt 0:01:43]} 34. Rc1 {[%emt 0:01:41]} Nd3 {[%emt 0:00:10]} 35. Qc3 {[%emt 0:00:06]} Qxc3 {[%emt 0:01:07]} 36. Rxc3 {[%emt 0:00:01]} Nf4 37. c6 1-0

[Event "EYCC Open-U14 2019"]
[Site "Bratislava"]
[Date "2019.08.04"]
[Round "3.48"]
[White "Zemach, Nadav"]
[Black "Priseajniuc, Andrei"]
[Result "1-0"]
[WhiteElo "1997"]
[BlackElo "1789"]
[Annotator "NA"]
[PlyCount "87"]
[EventDate "2019.08.02"]
[EventType "swiss"]
[EventCountry "SVK"]
[SourceTitle "playchess.com"]
[Source "ChessBase"]
[SourceQuality "1"]
[TimeControl "40/5400+30:1800+30"]

1. d4 {[%emt 0:00:00]} d5 {[%emt 0:00:00]} 2. c4 {[%emt 0:00:00]} e6 {[%emt 0:00:00]} 3. Nf3 {[%emt 0:00:00]} Be7 {[%emt 0:00:06]} 4. g3 {[%emt 0:00:00]} Nf6 {[%emt 0:00:18]} 5. Bg2 {[%emt 0:00:08]} O-O {[%emt 0:00:41]} 6. O-O {[%emt 0:00:09]} Nbd7 {[%emt 0:08:06]} 7. Qc2 {[%emt 0:03:33]} c5 {[%emt 0:11:16]} 8. e3 {[%emt 0:04:10]} b6 {[%emt 0:05:42]} 9. b3 {[%emt 0:09:29]} Ba6 {[%emt 0:10:18]} 10. Nbd2 {[%emt 0:02:36]} Rc8 {[%emt 0:02:09]} 11. Bb2 {[%emt 0:05:46]} cxd4 {[%emt 0:10:31]} 12. exd4 {[%emt 0:07:15]} dxc4 {[%emt 0:03:35]} 13. bxc4 {[%emt 0:01:39]} Bxc4 {[%emt 0:08:44]} 14. Nxc4 {[%emt 0:03:24]} b5 {[%emt 0:00:07]} 15. Rfc1 {[%emt 0:16:36]} Rxc4 {[%emt 0:00:20]} 16. Qe2 {[%emt 0:00:56]} Rxc1+ {[%emt 0:01:09]} 17. Rxc1 {[%emt 0:00:58]} Qb6 {[%emt 0:01:46]} 18. Ne5 {[%emt 0:06:26]} Nxe5 {[%emt 0:01:39]} 19. dxe5 {[%emt 0:01:07]} Nd5 {[%emt 0:00:38]} 20. Bxd5 {[%emt 0:00:39]} exd5 {[%emt 0:00:07]} 21. Qd3 {[%emt 0:01:00]} Rd8 {[%emt 0:03:03]} 22. Bd4 {[%emt 0:00:26]} Qa5 {[%emt 0:13:58]} 23. Qc2 {[%emt 0:04:10]} Qa4 {[%emt 0:14:11]} 24. Qxa4 {[%emt 0:01:20]} bxa4 {[%emt 0:00:01]} 25. Rc7 {[%emt 0:00:02]} Bb4 {[%emt 0:01:10]} 26. Rxa7 {[%emt 0:00:26]} a3 {[%emt 0:00:02]} 27. Rb7 {[%emt 0:06:59]} Bf8 {[%emt 0:01:09]} 28. Kf1 {[%emt 0:01:21]} g5 {[%emt 0:02:08]} 29. Ke2 {[%emt 0:00:13]} Re8 {[%emt 0:01:02]} 30. Kd3 {[%emt 0:00:28]} Bg7 {[%emt 0:00:23]} 31. f4 {[%emt 0:00:23]} gxf4 {[%emt 0:00:32]} 32. gxf4 {[%emt 0:00:01]} Bh6 {[%emt 0:00:23]} 33. Be3 {[%emt 0:05:39]} Ra8 {[%emt 0:00:43]} 34. Rb4 {[%emt 0:07:43]} Bf8 {[%emt 0:00:15]} 35. Rb5 {[%emt 0:00:06]} Rd8 {[%emt 0:00:44]} 36. f5 {[%emt 0:05:22]} Be7 {[%emt 0:00:32]} 37. f6 {[%emt 0:02:01]} Bf8 {[%emt 0:00:15]} 38. Bd4 {[%emt 0:00:47]} h6 {[%emt 0:00:45]} 39. Bc5 {[%emt 0:01:56]} Bxc5 {[%emt 0:00:29]} 40. Rxc5 {[%emt 0:00:00]} Rb8 {[%emt 0:00:00]} 41. Ra5 {[%emt 0:00:25]} Rb2 {[%emt 0:01:03]} 42. Ra8+ {[%emt 0:03:44]} Kh7 {[%emt 0:00:56]} 43. e6 {[%emt 0:00:13]} Rb7 {[%emt 0:01:25]} 44. e7 1-0

[Event "EYCC Open-U14 2019"]
[Site "Bratislava"]
[Date "2019.08.05"]
[Round "4.1"]
[White "Fernandez Lopez, Ruben"]
[Black "Kostolansky, Sebastian Lukas"]
[Result "0-1"]
[WhiteElo "2207"]
[BlackElo "2406"]
[Annotator "NA"]
[PlyCount "71"]
[EventDate "2019.08.02"]
[EventType "swiss"]
[EventCountry "SVK"]
[SourceTitle "playchess.com"]
[Source "ChessBase"]
[SourceQuality "1"]
[TimeControl "40/5400+30:1800+30"]

1. e4 {[%emt 0:00:00]} g6 {[%emt 0:00:00]} 2. d4 {[%emt 0:00:00]} Bg7 {[%emt 0:00:00]} 3. Nc3 {[%emt 0:00:00]} d6 {[%emt 0:00:00]} 4. Be3 {[%emt 0:00:31]} Nf6 {[%emt 0:00:00]} 5. Qd2 {[%emt 0:00:13]} O-O {[%emt 0:00:06]} 6. O-O-O {[%emt 0:01:58]} c6 {[%emt 0:00:22]} 7. Bh6 {[%emt 0:00:48]} b5 {[%emt 0:03:01]} 8. Bxg7 {[%emt 0:09:14]} Kxg7 {[%emt 0:00:09]} 9. Qe1 {[%emt 0:01:07]} b4 {[%emt 0:07:56]} 10. e5 {[%emt 0:02:07]} bxc3 {[%emt 0:07:23]} 11. exf6+ {[%emt 0:00:06]} exf6 {[%emt 0:00:08]} 12. Qxc3 {[%emt 0:00:06]} Be6 {[%emt 0:03:32]} 13. a3 {[%emt 0:01:30]} Nd7 {[%emt 0:13:28]} 14. h4 {[%emt 0:00:47]} Nb6 {[%emt 0:08:41]} 15. h5 {[%emt 0:02:01]} Rb8 {[%emt 0:01:16]} 16. Qd2 {[%emt 0:07:31]} g5 {[%emt 0:00:10]} 17. h6+ {[%emt 0:12:20]} Kh8 {[%emt 0:00:07]} 18. Qa5 {[%emt 0:00:31]} Qd7 {[%emt 0:04:06]} 19. Nf3 {[%emt 0:09:53]} Bd5 {[%emt 0:06:34]} 20. Nd2 {[%emt 0:04:13]} Qg4 {[%emt 0:10:25]} 21. c4 {[%emt 0:08:47]} Be6 {[%emt 0:11:19]} 22. d5 {[%emt 0:06:36]} cxd5 {[%emt 0:00:44]} 23. Qc3 {[%emt 0:00:40]} Qf4 {[%emt 0:01:02]} 24. g3 {[%emt 0:04:01]} Qe5 {[%emt 0:05:05]} 25. Nf3 {[%emt 0:00:54]} Qxc3+ {[%emt 0:00:44]} 26. bxc3 {[%emt 0:00:01]} Rfc8 {[%emt 0:02:39]} 27. Nd4 {[%emt 0:00:13]} Na4 {[%emt 0:06:41]} 28. Nb5 {[%emt 0:00:14]} a6 {[%emt 0:03:31]} 29. Nxd6 {[%emt 0:00:40]} Rc6 {[%emt 0:01:06]} 30. cxd5 {[%emt 0:01:06]} Rxc3+ {[%emt 0:00:04]} 31. Kd2 {[%emt 0:00:01]} Bxd5 {[%emt 0:00:11]} 32. Rg1 {[%emt 0:00:28]} Bf3 {[%emt 0:00:52]} 33. Bd3 {[%emt 0:00:20]} Bxd1 {[%emt 0:00:29]} 34. Rxd1 {[%emt 0:00:01]} Rxd3+ {[%emt 0:00:11]} 35. Kxd3 {[%emt 0:00:08]} Nb2+ {[%emt 0:00:03]} 36. Kd4 0-1

[Event "EYCC Open-U14 2019"]
[Site "Bratislava"]
[Date "2019.08.05"]
[Round "4.2"]
[White "Razafindratsima, Timothe"]
[Black "Can, Isik"]
[Result "1-0"]
[WhiteElo "2178"]
[BlackElo "2374"]
[Annotator "NA"]
[PlyCount "63"]
[EventDate "2019.08.02"]
[EventType "swiss"]
[EventCountry "SVK"]
[SourceTitle "playchess.com"]
[Source "ChessBase"]
[SourceQuality "1"]
[TimeControl "40/5400+30:1800+30"]

1. e4 {[%emt 0:00:00]} Nf6 {[%emt 0:00:00]} 2. e5 {[%emt 0:00:00]} Nd5 {[%emt 0:00:01]} 3. c4 {[%emt 0:00:00]} Nb6 {[%emt 0:00:04]} 4. d4 {[%emt 0:00:00]} d6 {[%emt 0:00:04]} 5. Nf3 {[%emt 0:00:00]} Bg4 {[%emt 0:03:54]} 6. exd6 {[%emt 0:00:25]} exd6 {[%emt 0:00:02]} 7. Be2 {[%emt 0:00:27]} Be7 {[%emt 0:00:28]} 8. O-O {[%emt 0:00:19]} O-O {[%emt 0:00:37]} 9. Nc3 {[%emt 0:00:12]} Nc6 {[%emt 0:00:31]} 10. b3 {[%emt 0:00:56]} Bf6 {[%emt 0:00:07]} 11. Be3 {[%emt 0:00:05]} d5 {[%emt 0:00:36]} 12. c5 {[%emt 0:00:21]} Nc8 {[%emt 0:00:02]} 13. b4 {[%emt 0:02:22]} N8e7 {[%emt 0:08:59]} 14. h3 {[%emt 0:08:43]} Be6 {[%emt 0:17:50]} 15. Qd2 {[%emt 0:06:27]} b6 {[%emt 0:08:42]} 16. Rab1 {[%emt 0:03:22]} h6 {[%emt 0:04:22]} 17. Rfc1 {[%emt 0:05:57]} g5 {[%emt 0:01:22]} 18. Nh2 {[%emt 0:01:31]} Bg7 {[%emt 0:08:11]} 19. h4 {[%emt 0:02:24]} bxc5 {[%emt 0:06:09]} 20. bxc5 {[%emt 0:00:52]} gxh4 {[%emt 0:02:58]} 21. Bxh6 {[%emt 0:01:30]} Bxh6 {[%emt 0:03:06]} 22. Qxh6 {[%emt 0:00:05]} Nf5 {[%emt 0:00:09]} 23. Qf4 {[%emt 0:03:16]} Ncxd4 {[%emt 0:05:21]} 24. Ng4 {[%emt 0:04:50]} Kh8 {[%emt 0:03:00]} 25. Rd1 {[%emt 0:01:39]} Nxe2+ {[%emt 0:03:49]} 26. Nxe2 {[%emt 0:00:05]} f6 {[%emt 0:02:22]} 27. Nd4 {[%emt 0:00:41]} Nxd4 {[%emt 0:00:42]} 28. Qh6+ {[%emt 0:00:38]} Kg8 {[%emt 0:00:01]} 29. Qg6+ {[%emt 0:01:51]} Kh8 {[%emt 0:00:02]} 30. Rxd4 {[%emt 0:02:18]} Qe7 {[%emt 0:01:22]} 31. Re1 {[%emt 0:06:19]} Rf7 {[%emt 0:06:05]} 32. Rxd5 {[%emt 0:04:01]} 1-0

[Event "EYCC Open-U14 2019"]
[Site "Bratislava"]
[Date "2019.08.05"]
[Round "4.3"]
[White "Tsvetkov, Andrey"]
[Black "Sokolovsky, Yahli"]
[Result "1-0"]
[WhiteElo "2324"]
[BlackElo "2093"]
[Annotator "TA"]
[PlyCount "77"]
[EventDate "2019.08.02"]
[EventType "swiss"]
[EventCountry "SVK"]
[SourceTitle "playchess.com"]
[Source "ChessBase"]
[SourceQuality "1"]

{[%evp 9,77,6,6,0,10,-26,-1,-26,-4,-23,-25,-16,0,0,0,0,30,-54,-47,-52,-56,-48,0,-8,0,0,0,0,0,-329,-172,-855,-616,-621,-622,-622,-621,-585,-583,-508,-345,-515,-46,-41,-24,-37,-34,-19,58,65,88,10,47,0,533,551,543,523,857,845,29983,29984,29984,29985,29988,29989,29989,29990,29990,29991]} 1. d4 d6 2. c4 e5 3. Nf3 e4 4. Nfd2 f5 5. e3 Nf6 6. Be2 {A41: 1 d4 d6: Tartakower System and Modern Defence} (6. Nc3 g6 7. Be2 Bh6 8. b4 Nc6 9. b5 Ne7 10. a4 O-O 11. g3 g5 12. h4 gxh4 13. Rxh4 Bg7 14. Qc2 Be6 {1-0 (51) Tang,A (2489)-Xu,X (2586) Manavgat 2018}) 6... Be7 7. b3 O-O 8. Bb2 {The position is equal.} c6 9. b4 $146 ({Predecessor:} 9. Nc3 d5 10. g3 Be6 11. Qc2 Na6 {0-1 (31) Zielinski,W (2188)-Krzyzanowski,M (2441) Hucisko 2016}) 9... Na6 10. Qb3 Nc7 11. Nc3 Be6 12. a4 b5 13. O-O (13. axb5 $11 cxb5 14. d5 bxc4 15. Bxc4) 13... bxc4 $15 14. Bxc4 d5 15. Be2 Bd6 16. b5 f4 17. Ba3 $1 f3 $36 {[%mdl 2048] White is under pressure.} 18. gxf3 exf3 19. Bxf3 $2 {[%mdl 8192] [#]} (19. Nxf3 $11 Bxa3 20. Rxa3 (20. Qxa3 Bh3 $11)) 19... Bxh2+ (19... Ne4 $142 $1 {[%mdl 512]} 20. Bxe4 (20. Ncxe4 dxe4) 20... dxe4) 20. Kg2 $2 (20. Kxh2 Ne4 21. Bxf8 (21. Ndxe4 $2 dxe4 22. Qxe6+ Nxe6 $19) 21... Qh4+ 22. Kg1 Nxd2 23. Qd1 Rxf8 24. Bg2 Nxf1 25. Qxf1) 20... Ng4 {And now ...Qh4! would win.} 21. Bxf8 Qh4 {...Ne5 is the strong threat.} 22. Be7 Nf6 23. Bg4 Bxg4 24. f3 Qg3+ 25. Kh1 Bh3 $2 (25... Qh3 $19 {( -> ...Bg3+)} 26. Rf2 Bf4+ 27. Kg1 Bxe3 {[%mdl 64] Double Attack}) 26. Rg1 $1 {[%cal Rg1g3]} Bxg1 27. Rxg1 Qh4 {[%cal Rh3f1]} 28. Bd6 $1 {[%cal Rd6c7]} (28. Bxf6 Qxf6 29. Qd1 c5 $1 $17 {[%mdl 512]}) 28... Ne6 ({Better is} 28... Bf5+ $11 29. Bh2 cxb5) 29. bxc6 $14 Ng5 {White must now prevent ...Bg4+.} 30. Bh2 (30. Bg3 $16 Qh5 31. Bh2 Nxf3 {[#]} 32. Qb7 $1 {[%mdl 512]} Nxg1 33. Qxa8+ Ne8 34. Kxg1 Qg6+ 35. Kf2 Qg2+ 36. Ke1 Qh1+ 37. Nf1 Qxf1+ 38. Kd2 Qg2+ 39. Kc1 (39. Ne2 h6 $16) 39... Qh1+ 40. Nd1) 30... Kh8 $1 $11 31. Nxd5 Be6 $2 {[%mdl 8192]} (31... Nge4 $11 {and Black is okay.} 32. fxe4 Nxe4 33. Rxg7 Qe1+ 34. Bg1 Kxg7 35. Qb7+ (35. Nxe4 Qh4 $15) 35... Kh6 36. Qxa8 (36. Nxe4 {is a self mate.} Rg8 37. Qxh7+ {[%mdl 64] Decoy} Kxh7 38. Nef6+ Kh8 39. Nxg8 Qg3 40. Nf4 Bg4 41. Ng6+ Kxg8 42. Nh4 Qxh4+ 43. Kg2 Qh3+ 44. Kf2 Qf3+ {[%mdl 64] Double Attack} 45. Ke1 Qe2#) 36... Bg2+ {[%mdl 64] Decoy} 37. Kxg2 Qe2+ 38. Kh3 Qh5+ {[%mdl 64] Double Attack} 39. Kg2 Qe2+ 40. Kh3 Qh5+ {[%mdl 64] Double Attack} 41. Kg2 Qe2+) 32. Qb7 $18 Rg8 33. Nxf6 gxf6 34. Qe7 Nh3 35. Rxg8+ {White mates.} Bxg8 36. Ne4 Qe1+ {[#]} 37. Kg2 $1 {[%cal Re7f6]} Qe2+ 38. Kxh3 {[%cal Re7f6]} Qxf3+ 39. Kh4 {Accuracy: White = 48%, Black = 33%.} 1-0

[Event "EYCC Open-U14 2019"]
[Site "Bratislava"]
[Date "2019.08.05"]
[Round "4.4"]
[White "Sahakyan, Aleks"]
[Black "Vojta, Jakub"]
[Result "1-0"]
[WhiteElo "1856"]
[BlackElo "2238"]
[Annotator "NA"]
[PlyCount "65"]
[EventDate "2019.08.02"]
[EventType "swiss"]
[EventCountry "SVK"]
[SourceTitle "playchess.com"]
[Source "ChessBase"]
[SourceQuality "1"]
[TimeControl "40/5400+30:1800+30"]

1. e4 {[%emt 0:00:00]} c5 {[%emt 0:00:00]} 2. Nf3 {[%emt 0:00:00]} e6 {[%emt 0:00:00]} 3. d4 {[%emt 0:00:06]} cxd4 {[%emt 0:00:00]} 4. Nxd4 {[%emt 0:00:04]} Nf6 {[%emt 0:00:00]} 5. Nc3 {[%emt 0:00:07]} d6 {[%emt 0:00:52]} 6. Bg5 {[%emt 0:00:34]} Be7 {[%emt 0:00:57]} 7. f4 {[%emt 0:02:21]} O-O {[%emt 0:08:09]} 8. Qf3 {[%emt 0:00:50]} Nc6 {[%emt 0:03:10]} 9. O-O-O {[%emt 0:02:52]} Qb6 {[%emt 0:10:29]} 10. Nb3 {[%emt 0:09:52]} Rd8 {[%emt 0:04:57]} 11. g4 {[%emt 0:01:20]} a5 {[%emt 0:02:54]} 12. Bb5 {[%emt 0:03:21]} Kf8 {[%emt 0:15:41]} 13. Bh4 {[%emt 0:07:40]} Ng8 {[%emt 0:02:45]} 14. Bf2 {[%emt 0:00:38]} Qc7 {[%emt 0:00:21]} 15. Na4 {[%emt 0:00:41]} Nb4 {[%emt 0:02:00]} 16. c3 {[%emt 0:00:43]} Bd7 {[%emt 0:07:42]} 17. Bxd7 {[%emt 0:02:17]} Qxd7 {[%emt 0:08:48]} 18. Nb6 {[%emt 0:00:24]} Qc6 {[%emt 0:02:16]} 19. Kb1 {[%emt 0:00:39]} Ra6 {[%emt 0:06:26]} 20. cxb4 {[%emt 0:01:40]} axb4 {[%emt 0:03:56]} 21. Rc1 {[%emt 0:02:24]} Qb5 {[%emt 0:00:28]} 22. g5 {[%emt 0:00:31]} Rxb6 {[%emt 0:01:05]} 23. Bxb6 {[%emt 0:00:25]} Qxb6 {[%emt 0:00:05]} 24. Nd2 {[%emt 0:01:07]} d5 {[%emt 0:01:07]} 25. exd5 {[%emt 0:01:58]} exd5 {[%emt 0:00:49]} 26. Rhe1 {[%emt 0:00:33]} d4 {[%emt 0:06:24]} 27. Nc4 {[%emt 0:03:15]} Qb5 {[%emt 0:00:37]} 28. Qd3 {[%emt 0:02:29]} Qa4 {[%emt 0:04:30]} 29. Ne5 {[%emt 0:01:11]} f6 {[%emt 0:03:37]} 30. g6 {[%emt 0:00:32]} h5 {[%emt 0:00:42]} 31. Nf3 {[%emt 0:01:14]} Qd7 {[%emt 0:01:12]} 32. Re4 {[%emt 0:03:25]} Qf5 {[%emt 0:00:39]} 33. Nxd4 {[%emt 0:00:10]} 1-0

[Event "EYCC Open-U14 2019"]
[Site "Bratislava"]
[Date "2019.08.05"]
[Round "4.5"]
[White "Borhy, Marcell"]
[Black "Rozen, Eytan"]
[Result "1/2-1/2"]
[WhiteElo "2382"]
[BlackElo "2260"]
[Annotator "NA"]
[PlyCount "56"]
[EventDate "2019.08.02"]
[EventType "swiss"]
[EventCountry "SVK"]
[SourceTitle "playchess.com"]
[Source "ChessBase"]
[SourceQuality "1"]
[TimeControl "40/5400+30:1800+30"]

1. d4 {[%emt 0:00:00]} Nf6 {[%emt 0:00:35]} 2. c4 {[%emt 0:00:00]} e6 {[%emt 0:00:46]} 3. g3 {[%emt 0:00:08]} d5 {[%emt 0:00:12]} 4. Nf3 {[%emt 0:00:07]} Bb4+ {[%emt 0:00:59]} 5. Bd2 {[%emt 0:00:02]} Be7 {[%emt 0:00:36]} 6. Bg2 {[%emt 0:00:13]} O-O {[%emt 0:00:43]} 7. O-O {[%emt 0:00:18]} c6 {[%emt 0:00:48]} 8. Na3 {[%emt 0:03:18]} Nbd7 {[%emt 0:06:06]} 9. Rc1 {[%emt 0:00:15]} Ne4 {[%emt 0:02:02]} 10. Be3 {[%emt 0:02:15]} f5 {[%emt 0:17:17]} 11. cxd5 {[%emt 0:02:53]} exd5 {[%emt 0:01:01]} 12. Nc2 {[%emt 0:06:29]} g5 {[%emt 0:12:32]} 13. Nd2 {[%emt 0:03:05]} f4 {[%emt 0:15:06]} 14. gxf4 {[%emt 0:04:29]} gxf4 {[%emt 0:04:08]} 15. Nxe4 {[%emt 0:00:06]} dxe4 {[%emt 0:12:10]} 16. Bd2 {[%emt 0:00:08]} Bd6 {[%emt 0:00:47]} 17. Bxe4 {[%emt 0:14:51]} f3 {[%emt 0:02:03]} 18. exf3 {[%emt 0:01:51]} Qh4 {[%emt 0:01:37]} 19. f4 {[%emt 0:02:16]} Rxf4 {[%emt 0:02:12]} 20. Bxf4 {[%emt 0:03:45]} Bxf4 {[%emt 0:02:57]} 21. Re1 {[%emt 0:00:55]} Nf6 {[%emt 0:06:31]} 22. Bg2 {[%emt 0:07:40]} Qxh2+ {[%emt 0:03:03]} 23. Kf1 {[%emt 0:00:01]} Bxc1 {[%emt 0:05:06]} 24. Qxc1 {[%emt 0:00:23]} Bh3 {[%emt 0:00:35]} 25. Qg5+ {[%emt 0:03:26]} Kf7 {[%emt 0:00:02]} 26. Bxh3 {[%emt 0:00:51]} Qxh3+ {[%emt 0:00:36]} 27. Ke2 {[%emt 0:02:27]} Rg8 {[%emt 0:01:24]} 28. Qf4 {[%emt 0:06:31]} Qg4+ {[%emt 0:00:59]} 1/2-1/2

[Event "EYCC Open-U14 2019"]
[Site "Bratislava"]
[Date "2019.08.05"]
[Round "4.6"]
[White "Popov, Konstantin"]
[Black "Weihrauch, Jakob"]
[Result "1/2-1/2"]
[WhiteElo "2367"]
[BlackElo "2201"]
[Annotator "TA"]
[PlyCount "99"]
[EventDate "2019.08.02"]
[EventType "swiss"]
[EventCountry "SVK"]
[SourceTitle "playchess.com"]
[Source "ChessBase"]
[SourceQuality "1"]

{[%evp 13,99,7,1,-7,-13,-5,-1,-6,6,-4,12,-14,-3,-46,-38,-23,9,9,43,35,37,47,44,44,49,17,39,0,0,0,59,58,72,70,70,39,39,32,32,32,32,32,32,32,32,33,33,21,26,26,26,26,26,26,26,26,26,26,26,0,0,0,0,0,0,0,0,0,0,0,0,0,5,6,8,0,0,0,0,0,0,0,0,0,0,0,0,0]} 1. d4 Nf6 2. c4 e6 3. Nc3 Bb4 4. e3 O-O 5. Nge2 Re8 6. a3 Bf8 7. Ng3 d5 8. b4 {E46: Nimzo-Indian: Rubinstein: 4 e3 0-0 5 Ne2 without early Bd3} b6 {[%cal Bb7b6,Bb6b5][%mdl 32]} 9. cxd5 exd5 10. Be2 Bb7 11. O-O Nbd7 {[%cal Bb8d7,Bd7b6,Bb6c4][%mdl 32]} 12. Bb2 (12. Qb3 c6 13. Bf3 a5 14. b5 c5 15. Nxd5 a4 {½-½ (53) Shankland,S (2671)-Ding,L (2778) Liaocheng 2018}) 12... c6 13. Bf3 b5 14. e4 {Black should prevent e5.} dxe4 $146 ({Predecessor:} 14... Nb6 15. e5 Nfd7 {1-0 (32) Zelesco,K (2361)-Kuybokarov,T (2468) Melbourne 2017}) 15. Ngxe4 Nxe4 16. Nxe4 Nb6 17. Nc5 $36 {[%mdl 2048] White has the initiative.} Qc7 18. Qc2 Nc4 19. Rfd1 Rad8 20. Be2 Nxb2 21. Qxb2 Bxc5 (21... g6 $11) 22. dxc5 $14 a5 23. Bf3 a4 24. g3 Bc8 25. Rxd8 Rxd8 26. Qe2 Be6 27. Rd1 Rxd1+ 28. Qxd1 {[#] Threatens to win with Bxc6!} Qd7 29. Qxd7 Bxd7 {[%mdl 4096] Endgame KB-KB} 30. h4 f5 31. Kf1 Kf7 32. Ke2 Kf6 33. Ke3 Ke5 34. Bg2 g6 35. f4+ Ke6 36. h5 gxh5 {The position is equal.} 37. Bf3 Be8 38. Kf2 Kf6 39. Kg2 Kg6 40. Kh3 Kg7 41. Kh4 Kh6 42. Be2 Bf7 43. Bd3 Kg6 44. Bc2 Bb3 45. Bd3 Bc4 46. Bb1 Bd5 47. Kh3 Kf6 48. Kh4 Kg6 49. Bd3 Bc4 50. Bc2 {Accuracy: White = 65%, Black = 75%.} 1/2-1/2

[Event "EYCC Open-U14 2019"]
[Site "Bratislava"]
[Date "2019.08.05"]
[Round "4.7"]
[White "Mitusov, Semen"]
[Black "Morgunov, Marc"]
[Result "1/2-1/2"]
[WhiteElo "2199"]
[BlackElo "2314"]
[Annotator "TA"]
[PlyCount "140"]
[EventDate "2019.08.02"]
[EventType "swiss"]
[EventCountry "SVK"]
[SourceTitle "playchess.com"]
[Source "ChessBase"]
[SourceQuality "1"]

{[%evp 10,140,28,0,14,14,18,11,18,20,37,-3,24,17,72,24,61,26,57,0,0,0,0,-12,-19,-17,0,-12,-28,-54,-29,-72,-69,-71,-63,-109,-106,-109,-109,-109,-109,-109,-109,-109,-109,-109,-102,-102,-86,-107,-64,-103,-73,-73,-28,-94,-94,-94,-95,-132,-131,-141,-131,-122,-114,-171,-171,-189,-171,-171,0,-182,-139,-143,-70,-167,-115,-210,-185,-307,-307,-307,-300,-307,-279,-284,-277,-293,-298,-303,-298,-247,-244,-270,-111,-111,-111,-111,-111,-111,-95,-95,-95,-95,-95,-95,-95,-95,-95,-95,0,0,0,0,0,0,0,0,0,0,0,0,0,0,0,0,0,0,0,0,0,0,0]} 1. e4 c5 2. Nc3 d6 3. f4 g6 4. Nf3 Bg7 5. Bc4 e6 6. O-O Ne7 {B23: Closed Sicilian: Lines without g3} 7. d4 (7. d3 Nbc6 8. a3 O-O 9. Ba2 Rb8 10. Qe1 Nd4 11. Nxd4 cxd4 12. Ne2 Bd7 13. Bd2 Rc8 14. Bb3 Qb6 15. Kh1 Rfe8 16. a4 d5 17. a5 {0-1 (61) Grischuk,A (2766)-Vachier Lagrave,M (2789) Leuven 2018}) 7... cxd4 8. Nxd4 O-O 9. Be3 a6 10. a3 Nbc6 11. Qd2 b5 (11... Bxd4 $11 12. Bxd4 Nxd4 13. Qxd4 Nc6) 12. Ba2 Qc7 $146 ({Predecessor:} 12... Na5 13. Qd3 {½-½ (41) Koethe,C-Gosch,D Bad Laasphe 1994}) 13. Kh1 Rb8 14. f5 (14. Rad1 $14) 14... exf5 $11 15. exf5 {aiming for f6.} Nxd4 16. Bxd4 Bxf5 17. Rae1 Rbe8 18. Bxg7 Kxg7 19. Rd1 Rd8 20. Rf4 {[#]} d5 $1 {[%mdl 512]} 21. Rd4 (21. Bxd5 Nxd5) 21... Be6 22. Nxd5 ({But not} 22. Rh4 $2 Nf5 $19) 22... Nxd5 23. Bxd5 Bxd5 24. Rxd5 Rxd5 25. Qxd5 Qxc2 $15 {[%mdl 4096] Endgame KQR-KQR} 26. Qd4+ Kg8 27. h3 Qe2 28. Rc1 Qe7 29. Rc6 a5 30. Rd6 Rc8 31. Rd7 Qg5 32. Kh2 {[#]} (32. Rd5 $1 $11 {keeps the balance.} Qc1+ 33. Kh2) 32... Re8 $1 $17 33. Rd5 Qe7 34. Qd2 Qc7+ 35. Kh1 h5 36. Rd7 Qc4 37. Rd3 (37. Rd8 $17 Rxd8 38. Qxd8+ Kg7 39. Qxa5) 37... a4 $19 38. Kh2 Qc7+ 39. Kh1 Qc4 40. Kh2 $1 Kh7 41. Rc3 Qe6 (41... Qe4 $17 42. Kg1 Re5) 42. Qf4 (42. Rc5 $15) 42... Qe5 $36 {[%mdl 2048] Black is in control.} ({Black should try} 42... Kg7 $19 43. Rc5 Qb6 44. Qd4+ Kg8) 43. Rf3 (43. Qxe5 $17 Rxe5 44. b3) 43... f5 44. b3 (44. Qxe5 $142 Rxe5 45. Rf4) 44... Qxf4+ 45. Rxf4 {[#] KR-KR} Re4 $1 {[%cal Re4f4]} ({Not} 45... axb3 46. Rb4 $17) 46. Rf3 h4 47. Rc3 Kh6 48. b4 Kg5 49. Rc5 Re3 50. Rxb5 Rxa3 51. Rb6 Rb3 (51... f4 $19 {White must now prevent ...f3.} 52. b5 f3 53. gxf3 Ra2+ 54. Kg1 a3) 52. b5 $17 a3 53. Ra6 Rxb5 {Strongly threatening ...Rb3.} 54. Rxa3 Re5 55. Kg1 Re2 56. Ra4 Re4 57. Ra6 Rf4 58. Rb6 Kh5 59. Ra6 g5 (59... Rc4 $17 60. Kf2 Rc2+ 61. Kf3 Rc3+ 62. Kf4 Rc2) 60. Rf6 $11 {The position is equal.} g4 61. hxg4+ Kxg4 62. Rg6+ Kh5 63. Rg8 Rg4 64. Ra8 Kg5 65. Kh2 Rb4 66. Ra3 Kg4 67. Rc3 Rb2 68. Rc8 Rb3 (68... h3 $5 69. Rg8+ $8 Kf4 70. Kxh3 Ke4 $11) 69. Rg8+ Kf4 70. Rh8 Kg4 {Accuracy: White = 48%, Black = 51%.} 1/2-1/2